[Event "U-20 Pan-American Chess Championship Absolute 2022"]
[Site "(Pereira - Risaralda) Gran Hotel. Calle 19 # 9-19"]
[Date "2022.08.24"]
[Round "3"]
[Board "5"]
[White "Cabezas Solano, David Alejandro"]
[Black "Esmeraldas Huachi, Anderson"]
[Result "0-1"]
[WhiteElo "2196"]
[BlackElo "2081"]
[PlyCount "0"]
[EventDate "2022.08.23"]
[EventRounds "9"]
[EventCountry "COL"]

1. d4 {[%clk 01:30:56]} {[%emt 00:00:03]} d5 {[%clk 01:30:51]} {[%emt
00:00:09]} 2. Nf3 {[%clk 01:31:20]} {[%emt 00:00:06]} Nf6 {[%clk 01:31:12]}
{[%emt 00:00:10]} 3. g3 {[%clk 01:31:42]} {[%emt 00:00:08]} c5 {[%clk
01:31:28]} {[%emt 00:00:13]} 4. Bg2 {[%clk 01:32:01]} {[%emt 00:00:11]} cxd4
{[%clk 01:31:51]} {[%emt 00:00:07]} 5. O-O {[%clk 01:32:25]} {[%emt 00:00:06]}
h6 {[%clk 01:32:15]} {[%emt 00:00:07]} 6. b3 {[%clk 01:32:42]} {[%emt
00:00:13]} e6 {[%clk 01:32:37]} {[%emt 00:00:08]} 7. Bb2 {[%clk 01:32:52]}
{[%emt 00:00:19]} Bc5 {[%clk 01:33:00]} {[%emt 00:00:08]} 8. Nxd4 {[%clk
01:33:05]} {[%emt 00:00:16]} O-O {[%clk 01:32:57]} {[%emt 00:00:33]} 9. c4
{[%clk 01:32:19]} {[%emt 00:01:16]} e5 {[%clk 01:30:10]} {[%emt 00:03:18]} 10.
Nf3 {[%clk 01:31:16]} {[%emt 00:01:32]} e4 {[%clk 01:30:26]} {[%emt 00:00:15]}
11. Nd4 {[%clk 01:31:35]} {[%emt 00:00:11]} dxc4 {[%clk 01:18:40]} {[%emt
00:12:16]} 12. bxc4 {[%clk 01:30:42]} {[%emt 00:01:23]} Qb6 {[%clk 01:15:42]}
{[%emt 00:03:28]} 13. Nb3 {[%clk 01:27:06]} {[%emt 00:04:06]} Rd8 {[%clk
01:08:23]} {[%emt 00:07:49]} 14. Qc2 {[%clk 01:22:44]} {[%emt 00:04:52]} Na6
{[%clk 01:04:45]} {[%emt 00:04:08]} 15. Bxf6 {[%clk 01:06:43]} {[%emt
00:16:31]} Qxf6 {[%clk 01:04:11]} {[%emt 00:01:04]} 16. Nc3 {[%clk 01:05:47]}
{[%emt 00:01:26]} e3 {[%clk 00:37:17]} {[%emt 00:27:24]} 17. Nxc5 {[%clk
01:04:35]} {[%emt 00:01:42]} Nxc5 {[%clk 00:37:44]} {[%emt 00:00:02]} 18. fxe3
{[%clk 01:04:55]} {[%emt 00:00:10]} Qe5 {[%clk 00:36:52]} {[%emt 00:01:23]} 19.
Nd5 {[%clk 01:04:49]} {[%emt 00:00:35]} Be6 {[%clk 00:33:10]} {[%emt 00:04:12]}
20. Kh1 {[%clk 01:00:20]} {[%emt 00:04:58]} Re8 {[%clk 00:26:46]} {[%emt
00:06:56]} 21. Qd2 {[%clk 00:51:31]} {[%emt 00:09:18]} Rac8 {[%clk 00:26:08]}
{[%emt 00:01:08]} 22. Qd4 {[%clk 00:50:28]} {[%emt 00:01:33]} Qg5 {[%clk
00:26:07]} {[%emt 00:00:31]} 23. Rab1 {[%clk 00:41:40]} {[%emt 00:09:19]} b6
{[%clk 00:26:23]} {[%emt 00:00:14]} 24. Rf2 {[%clk 00:36:35]} {[%emt 00:05:34]}
Nd7 {[%clk 00:23:04]} {[%emt 00:03:50]} 25. Rf4 {[%clk 00:25:14]} {[%emt
00:11:50]} Rc5 {[%clk 00:19:41]} {[%emt 00:03:54]} 26. Rb5 {[%clk 00:22:03]}
{[%emt 00:03:40]} Rec8 {[%clk 00:20:09]} {[%emt 00:00:02]} 27. h4 {[%clk
00:20:49]} {[%emt 00:01:44]} Qd8 {[%clk 00:20:21]} {[%emt 00:00:19]} 28. Rxc5
{[%clk 00:18:01]} {[%emt 00:03:18]} Rxc5 {[%clk 00:20:41]} {[%emt 00:00:10]} 29.
Be4 {[%clk 00:17:34]} {[%emt 00:00:56]} Kh8 {[%clk 00:17:43]} {[%emt 00:03:28]}
30. Bf5 {[%clk 00:14:27]} {[%emt 00:03:36]} b5 {[%clk 00:15:24]} {[%emt
00:02:50]} 31. Bxe6 {[%clk 00:07:08]} {[%emt 00:07:50]} Rxc4 {[%clk 00:15:52]}
{[%emt 00:00:01]} 32. Qxa7 {[%emt 00:02:57]} fxe6 {[%clk 00:16:09]} {[%emt
00:00:11]} 33. Nb4 {[%clk 00:01:35]} {[%emt 00:03:39]} Ne5 {[%clk 00:16:25]}
{[%emt 00:00:13]} 34. Rd4 {[%clk 00:01:26]} {[%emt 00:00:39]} Qf8 {[%clk
00:16:19]} {[%emt 00:00:37]} 35. Kg2 {[%clk 00:00:51]} {[%emt 00:01:03]} Ng4
{[%clk 00:15:06]} {[%emt 00:01:44]} 36. Rxc4 {[%clk 00:00:33]} {[%emt
00:00:49]} Qf2+ {[%clk 00:15:26]} {[%emt 00:00:10]} 37. Kh3 {[%clk 00:00:54]}
{[%emt 00:00:09]} Qf1+ {[%clk 00:15:49]} {[%emt 00:00:06]} 38. Qd4 {[%emt
00:00:31]}   0-1

[Event "U-20 Pan-American Chess Championship Absolute 2022"]
[Site "(Pereira - Risaralda) Gran Hotel. Calle 19 # 9-19"]
[Date "2022.08.24"]
[Round "3"]
[Board "6"]
[White "Londono Lopez, Donaldo"]
[Black "Avila Rodriguez, Joshua Ad"]
[Result "1/2-1/2"]
[WhiteElo "2044"]
[BlackElo "2215"]
[PlyCount "0"]
[EventDate "2022.08.23"]
[EventRounds "9"]
[EventCountry "COL"]

1. e4 {[%clk 01:30:51]} {[%emt 00:00:08]} c5 {[%clk 01:28:00]} {[%emt
00:03:01]} 2. Nf3 {[%clk 01:30:52]} {[%emt 00:00:29]} d6 {[%clk 01:28:24]}
{[%emt 00:00:07]} 3. d4 {[%clk 01:30:27]} {[%emt 00:00:55]} cxd4 {[%clk
01:28:46]} {[%emt 00:00:08]} 4. Nxd4 {[%clk 01:29:59]} {[%emt 00:00:57]} Nf6
{[%clk 01:29:09]} {[%emt 00:00:07]} 5. Nc3 {[%clk 01:29:57]} {[%emt 00:00:32]}
a6 {[%clk 01:29:22]} {[%emt 00:00:17]} 6. Bg5 {[%clk 01:29:42]} {[%emt
00:00:45]} e6 {[%clk 01:29:33]} {[%emt 00:00:19]} 7. f4 {[%clk 01:29:31]}
{[%emt 00:00:41]} Be7 {[%clk 01:29:24]} {[%emt 00:00:39]} 8. Qf3 {[%clk
01:29:25]} {[%emt 00:00:36]} Qc7 {[%clk 01:29:47]} {[%emt 00:00:08]} 9. O-O-O
{[%clk 01:29:00]} {[%emt 00:00:54]} Nbd7 {[%clk 01:29:55]} {[%emt 00:00:22]} 10.
Be2 {[%clk 01:27:59]} {[%emt 00:01:31]} b5 {[%clk 01:23:58]} {[%emt 00:06:27]}
11. Bxf6 {[%clk 01:26:48]} {[%emt 00:01:42]} Nxf6 {[%clk 01:21:42]} {[%emt
00:02:46]} 12. e5 {[%clk 01:26:21]} {[%emt 00:00:57]} Bb7 {[%clk 01:22:06]}
{[%emt 00:00:06]} 13. Qg3 {[%clk 01:26:19]} {[%emt 00:00:32]} dxe5 {[%clk
01:04:56]} {[%emt 00:17:40]} 14. fxe5 {[%clk 01:25:50]} {[%emt 00:00:58]} Nd7
{[%clk 01:04:21]} {[%emt 00:01:05]} 15. Bxb5 {[%clk 01:24:53]} {[%emt
00:01:28]} axb5 {[%clk 00:58:56]} {[%emt 00:05:55]} 16. Ndxb5 {[%clk 01:24:40]}
{[%emt 00:00:43]} Qb6 {[%clk 00:39:43]} {[%emt 00:19:43]} 17. Qxg7 {[%clk
01:22:07]} {[%emt 00:03:03]} Qe3+ {[%clk 00:38:03]} {[%emt 00:02:09]} 18. Kb1
{[%clk 01:21:38]} {[%emt 00:00:57]} Qxe5 {[%clk 00:38:22]} {[%emt 00:00:13]} 19.
Qxe5 {[%clk 01:20:09]} {[%emt 00:01:59]} Nxe5 {[%clk 00:36:44]} {[%emt
00:02:08]} 20. Nc7+ {[%clk 01:20:10]} {[%emt 00:00:29]} Kf8 {[%clk 00:37:13]}
{[%emt 00:00:01]} 21. Nxa8 Bxa8 {[%clk 00:37:42]} 22. Rhe1 {[%clk 01:20:24]}
{[%emt 00:00:30]} f6 {[%clk 00:37:24]} {[%emt 00:00:47]} 23. g3 {[%clk
00:51:32]} {[%emt 00:29:22]} Kf7 {[%clk 00:33:48]} {[%emt 00:04:07]} 24. Ne4
{[%clk 00:40:46]} {[%emt 00:11:15]} Rb8 {[%clk 00:28:31]} {[%emt 00:05:48]} 25.
c3 {[%clk 00:31:04]} {[%emt 00:10:12]} Nc4 {[%clk 00:24:58]} {[%emt 00:04:02]}
26. b3 {[%clk 00:30:17]} {[%emt 00:01:18]} f5 {[%clk 00:25:17]} {[%emt
00:00:11]} 27. Nd2 {[%clk 00:29:01]} {[%emt 00:01:46]} Na3+ {[%clk 00:19:30]}
{[%emt 00:06:17]} 28. Kb2 {[%clk 00:28:50]} {[%emt 00:00:41]} Bd5 {[%clk
00:19:55]} {[%emt 00:00:04]} 29. Nb1 {[%clk 00:20:06]} {[%emt 00:09:13]} Nxb1
{[%clk 00:16:13]} {[%emt 00:04:13]} 30. Rxb1 {[%clk 00:19:22]} {[%emt
00:01:15]} Bf6 {[%clk 00:16:35]} {[%emt 00:00:07]} 31. Rbd1 {[%clk 00:18:40]}
{[%emt 00:01:12]} h5 {[%clk 00:15:17]} {[%emt 00:01:48]} 32. Kc2 {[%clk
00:15:50]} {[%emt 00:03:19]} Kg6 {[%clk 00:10:52]} {[%emt 00:04:55]} 33. Re3
{[%clk 00:10:07]} {[%emt 00:06:14]} h4 {[%clk 00:10:48]} {[%emt 00:00:34]} 34.
Rde1 {[%clk 00:08:44]} {[%emt 00:01:53]} hxg3 {[%clk 00:02:00]} {[%emt
00:09:18]} 35. hxg3 {[%clk 00:08:38]} {[%emt 00:00:36]} Rh8 {[%clk 00:02:06]}
{[%emt 00:00:23]} 36. a4 {[%clk 00:06:49]} {[%emt 00:02:20]} Be4+ {[%clk
00:00:55]} {[%emt 00:01:41]} 37. Rxe4 fxe4 {[%clk 00:01:24]} 38. Rxe4 {[%clk
00:06:17]} {[%emt 00:00:11]} Kf5 {[%clk 00:00:48]} {[%emt 00:01:07]} 39. Rf4+
{[%clk 00:04:39]} {[%emt 00:02:07]} Ke5 {[%clk 00:01:05]} {[%emt 00:00:13]} 40.
a5 {[%clk 00:04:06]} {[%emt 00:01:04]} Rd8 {[%clk 00:00:43]} {[%emt 00:00:52]}
41. b4 {[%clk 00:03:23]} {[%emt 00:01:13]} Be7 {[%clk 00:00:41]} {[%emt
00:00:32]} 42. Rf7 {[%clk 00:02:44]} {[%emt 00:01:08]} Kd6 {[%clk 00:00:42]}
{[%emt 00:00:29]} 43. b5 {[%clk 00:01:12]} {[%emt 00:02:02]} Ra8 {[%clk
00:00:45]} {[%emt 00:00:28]} 44. a6 {[%clk 00:01:14]} {[%emt 00:00:28]} Bd8
{[%clk 00:00:40]} {[%emt 00:00:34]} 45. Rf8 {[%clk 00:00:45]} {[%emt 00:00:59]}
Kc5 {[%clk 00:00:50]} {[%emt 00:00:20]} 46. c4 {[%clk 00:01:15]} Kxc4 {[%clk
00:00:49]} {[%emt 00:00:31]} 47. b6 {[%clk 00:00:39]} {[%emt 00:01:06]} Rxa6
{[%clk 00:01:16]} {[%emt 00:00:04]} 48. Rxd8 {[%clk 00:00:38]} {[%emt
00:00:31]} Rxb6 {[%clk 00:01:40]} {[%emt 00:00:06]} 49. Kd2 {[%clk 00:00:55]}
{[%emt 00:00:13]} Rb3 {[%clk 00:01:42]} {[%emt 00:00:27]} 50. g4 {[%clk
00:00:40]} {[%emt 00:00:45]} Rg3 {[%clk 00:02:02]} {[%emt 00:00:09]} 51. Ra8
{[%clk 00:00:52]} {[%emt 00:00:19]} e5 {[%clk 00:01:47]} {[%emt 00:00:45]} 52.
Ke2 {[%clk 00:00:56]} {[%emt 00:00:26]} e4 {[%clk 00:01:24]} {[%emt 00:00:53]}
53. Rd8 {[%clk 00:00:52]} {[%emt 00:00:34]} Rxg4 {[%clk 00:01:15]} {[%emt
00:00:39]} 54. Ke3 {[%clk 00:01:15]} {[%emt 00:00:06]} Kc5 {[%clk 00:01:37]}
{[%emt 00:00:09]} 55. Re8 {[%clk 00:01:27]} {[%emt 00:00:18]} Kd5 {[%clk
00:01:53]} {[%emt 00:00:14]} 56. Rd8+ {[%clk 00:01:49]} {[%emt 00:00:08]} Ke5
{[%clk 00:02:16]} {[%emt 00:00:07]} 57. Re8+ {[%clk 00:02:14]} {[%emt
00:00:05]} Kd5 {[%clk 00:02:35]} {[%emt 00:00:12]} 58. Rd8+ {[%clk 00:02:36]}
{[%emt 00:00:07]} Ke5 59. Kxe4+   1/2-1/2

[Event "U-20 Pan-American Chess Championship Absolute 2022"]
[Site "(Pereira - Risaralda) Gran Hotel. Calle 19 # 9-19"]
[Date "2022.08.24"]
[Round "3"]
[Board "7"]
[White "Garzon Zapatanga, Christopher Leonel"]
[Black "Quiroga Jaquez, Angel Ivan"]
[Result "1-0"]
[WhiteElo "1911"]
[BlackElo "2151"]
[PlyCount "0"]
[EventDate "2022.08.23"]
[EventRounds "9"]
[EventCountry "COL"]

1. e4 {[%clk 01:28:15]} {[%emt 00:02:44]} e5 {[%clk 01:29:42]} {[%emt
00:01:19]} 2. Nf3 {[%clk 01:28:33]} {[%emt 00:00:12]} Nc6 {[%clk 01:29:50]}
{[%emt 00:00:22]} 3. Bb5 {[%clk 01:28:44]} {[%emt 00:00:19]} a6 {[%clk
01:29:47]} {[%emt 00:00:33]} 4. Ba4 {[%clk 01:29:07]} {[%emt 00:00:07]} d6
{[%clk 01:28:28]} {[%emt 00:01:50]} 5. c3 {[%clk 01:28:35]} {[%emt 00:01:01]}
Bd7 {[%clk 01:28:06]} {[%emt 00:00:51]} 6. O-O {[%clk 01:27:49]} {[%emt
00:01:16]} Nge7 {[%clk 01:22:49]} {[%emt 00:05:48]} 7. d4 {[%clk 01:23:58]}
{[%emt 00:04:21]} Ng6 {[%clk 01:22:49]} {[%emt 00:00:31]} 8. Re1 {[%clk
01:21:02]} {[%emt 00:03:25]} Be7 {[%clk 01:22:56]} {[%emt 00:00:23]} 9. Nbd2
{[%clk 01:21:19]} {[%emt 00:00:12]} O-O {[%clk 01:23:00]} {[%emt 00:00:27]} 10.
Nf1 {[%clk 01:20:40]} {[%emt 00:01:09]} b5 {[%clk 01:19:03]} {[%emt 00:04:27]}
11. Bc2 {[%clk 01:20:18]} {[%emt 00:00:51]} Bf6 {[%clk 01:15:29]} {[%emt
00:04:05]} 12. h3 {[%clk 01:18:02]} {[%emt 00:02:45]} Nh4 {[%clk 01:03:07]}
{[%emt 00:12:53]} 13. N1h2 {[%clk 01:04:42]} {[%emt 00:13:50]} Nxf3+ {[%clk
01:02:38]} {[%emt 00:00:59]} 14. Nxf3 {[%clk 01:05:03]} {[%emt 00:00:08]} h6
{[%clk 01:00:10]} {[%emt 00:02:58]} 15. Be3 {[%clk 01:04:24]} {[%emt 00:01:09]}
Qe7 {[%clk 00:52:26]} {[%emt 00:08:15]} 16. Qd2 {[%clk 01:03:21]} {[%emt
00:01:33]} Rad8 {[%clk 00:46:38]} {[%emt 00:06:18]} 17. Rad1 {[%clk 01:00:30]}
{[%emt 00:03:20]} Bc8 {[%clk 00:40:07]} {[%emt 00:07:01]} 18. d5 {[%clk
00:53:06]} {[%emt 00:07:55]} Nb8 {[%clk 00:37:47]} {[%emt 00:02:50]} 19. a4
{[%clk 00:53:27]} {[%emt 00:00:09]} Bb7 {[%clk 00:32:12]} {[%emt 00:06:06]} 20.
axb5 {[%clk 00:52:53]} {[%emt 00:01:03]} axb5 {[%clk 00:32:39]} {[%emt
00:00:03]} 21. Ra1 {[%clk 00:53:13]} {[%emt 00:00:09]} c6 {[%clk 00:32:39]}
{[%emt 00:00:31]} 22. Ra7 {[%clk 00:52:42]} {[%emt 00:01:01]} Rd7 {[%clk
00:32:27]} {[%emt 00:00:42]} 23. Rea1 {[%clk 00:51:54]} {[%emt 00:01:17]} cxd5
{[%clk 00:26:17]} {[%emt 00:06:41]} 24. exd5 {[%clk 00:52:12]} {[%emt
00:00:12]} e4 {[%clk 00:26:22]} {[%emt 00:00:25]} 25. Nd4 {[%clk 00:40:09]}
{[%emt 00:12:32]} Bxd5 {[%clk 00:26:05]} {[%emt 00:00:48]} 26. Nxb5 {[%clk
00:40:30]} {[%emt 00:00:09]} Bb7 {[%clk 00:25:46]} {[%emt 00:00:49]} 27. Nd4
{[%clk 00:37:24]} {[%emt 00:03:36]} Bxd4 {[%clk 00:21:37]} {[%emt 00:04:40]} 28.
cxd4 {[%clk 00:37:10]} {[%emt 00:00:43]} Nc6 {[%clk 00:21:11]} {[%emt
00:00:56]} 29. R7a4 {[%clk 00:36:23]} {[%emt 00:01:17]} d5 {[%clk 00:20:56]}
{[%emt 00:00:45]} 30. b4 {[%clk 00:36:46]} {[%emt 00:00:06]} Nd8 {[%clk
00:19:51]} {[%emt 00:01:35]} 31. Bf4 {[%clk 00:31:40]} {[%emt 00:05:36]} Ne6
{[%clk 00:19:59]} {[%emt 00:00:23]} 32. Bg3 {[%clk 00:31:48]} {[%emt 00:00:21]}
Rc8 {[%clk 00:12:00]} {[%emt 00:08:30]} 33. b5 {[%clk 00:31:40]} {[%emt
00:00:38]} Qf6 {[%clk 00:08:54]} {[%emt 00:03:35]} 34. Bb3 {[%clk 00:30:54]}
{[%emt 00:01:16]} Qg6 {[%clk 00:04:48]} {[%emt 00:04:37]} 35. Ra7 {[%clk
00:30:09]} {[%emt 00:01:14]} Kh7 {[%clk 00:04:21]} {[%emt 00:00:57]} 36. b6
{[%clk 00:30:18]} {[%emt 00:00:21]} Ng5 {[%clk 00:04:08]} {[%emt 00:00:43]} 37.
h4 {[%clk 00:26:08]} {[%emt 00:04:40]} Ne6 {[%clk 00:04:22]} {[%emt 00:00:17]}
38. Bc7 {[%clk 00:26:26]} {[%emt 00:00:12]} Bc6 {[%clk 00:03:10]} {[%emt
00:01:42]} 39. h5 {[%clk 00:25:27]} {[%emt 00:01:29]} Qg4 {[%clk 00:02:02]}
{[%emt 00:01:38]} 40. Rc1 {[%clk 00:25:09]} {[%emt 00:00:47]} Ng5 {[%clk
00:02:18]} {[%emt 00:00:15]} 41. Bg3 {[%clk 00:24:25]} {[%emt 00:01:14]} Qe6
{[%clk 00:01:35]} {[%emt 00:01:14]} 42. Rc7 {[%clk 00:18:30]} {[%emt 00:06:24]}
Rdxc7 {[%clk 00:01:50]} {[%emt 00:00:15]} 43. bxc7 {[%clk 00:18:53]} {[%emt
00:00:07]} Bd7 {[%clk 00:01:30]} {[%emt 00:00:50]} 44. Rc5 {[%clk 00:18:43]}
{[%emt 00:00:39]} Ra8 {[%clk 00:01:53]} {[%emt 00:00:08]} 45. Qc1 {[%clk
00:18:25]} {[%emt 00:00:48]} e3 {[%clk 00:01:50]} {[%emt 00:00:33]} 46. Bxd5
{[%clk 00:18:36]} {[%emt 00:00:18]} exf2+ {[%clk 00:01:46]} {[%emt 00:00:34]}
47. Bxf2 {[%clk 00:19:00]} {[%emt 00:00:06]} Qg4 {[%clk 00:01:54]} {[%emt
00:00:23]} 48. Bxa8 {[%clk 00:19:19]} {[%emt 00:00:11]} Nh3+ {[%clk 00:01:58]}
{[%emt 00:00:25]} 49. Kf1 {[%clk 00:19:43]} {[%emt 00:00:06]}   1-0

[Event "U-20 Pan-American Chess Championship Absolute 2022"]
[Site "(Pereira - Risaralda) Gran Hotel. Calle 19 # 9-19"]
[Date "2022.08.24"]
[Round "3"]
[Board "8"]
[White "Cardenas Encalada, David Josue"]
[Black "Mendez Machado, Andre"]
[Result "1/2-1/2"]
[WhiteElo "1669"]
[BlackElo "1995"]
[PlyCount "0"]
[EventDate "2022.08.23"]
[EventRounds "9"]
[EventCountry "COL"]

1. d4 {[%clk 01:26:24]} {[%emt 00:04:35]} Nf6 {[%clk 01:30:54]} {[%emt
00:00:07]} 2. Nf3 {[%clk 01:26:51]} {[%emt 00:00:03]} e6 {[%clk 01:31:16]}
{[%emt 00:00:08]} 3. g3 {[%clk 01:27:12]} {[%emt 00:00:09]} d5 {[%clk
01:31:25]} {[%emt 00:00:20]} 4. Bg2 {[%clk 01:27:36]} {[%emt 00:00:06]} Be7
{[%clk 01:31:50]} {[%emt 00:00:05]} 5. O-O {[%clk 01:27:59]} {[%emt 00:00:07]}
O-O {[%clk 01:32:16]} {[%emt 00:00:04]} 6. b3 {[%clk 01:24:36]} {[%emt
00:03:54]} c5 {[%clk 01:30:30]} {[%emt 00:02:15]} 7. Bb2 {[%clk 01:21:05]}
{[%emt 00:04:01]} Nc6 {[%clk 01:27:51]} {[%emt 00:03:09]} 8. Nbd2 {[%clk
01:14:42]} {[%emt 00:06:53]} Qc7 {[%clk 01:17:00]} {[%emt 00:11:21]} 9. c4
{[%clk 00:49:12]} {[%emt 00:26:00]} dxc4 {[%clk 01:15:22]} {[%emt 00:02:08]} 10.
dxc5 {[%clk 00:48:58]} {[%emt 00:00:44]} cxb3 {[%clk 01:07:32]} {[%emt
00:08:20]} 11. Nxb3 {[%clk 00:49:18]} {[%emt 00:00:10]} e5 {[%clk 01:05:34]}
{[%emt 00:02:28]} 12. Qc2 {[%clk 00:37:16]} {[%emt 00:12:31]} Be6 {[%clk
00:56:24]} {[%emt 00:09:41]} 13. Rac1 {[%clk 00:35:20]} {[%emt 00:02:25]} Nd7
{[%clk 00:55:34]} {[%emt 00:01:21]} 14. Ba3 {[%clk 00:10:06]} {[%emt 00:25:44]}
Kh8 {[%clk 00:52:33]} {[%emt 00:03:31]} 15. Nfd2 {[%clk 00:06:02]} {[%emt
00:04:34]} a5 {[%clk 00:44:57]} {[%emt 00:08:06]} 16. Ne4 {[%clk 00:02:18]}
{[%emt 00:04:14]} a4 {[%clk 00:43:52]} {[%emt 00:01:36]} 17. Nbd2 {[%clk
00:01:55]} {[%emt 00:00:52]} Nd4 {[%clk 00:38:45]} {[%emt 00:05:37]} 18. Qd3
{[%clk 00:02:19]} {[%emt 00:00:06]} Qa5 {[%clk 00:23:39]} {[%emt 00:15:36]} 19.
Nc4 {[%clk 00:01:18]} {[%emt 00:01:31]} Qa6 {[%clk 00:22:02]} {[%emt 00:02:08]}
20. e3 {[%clk 00:01:08]} {[%emt 00:00:39]} Nb5 {[%clk 00:21:46]} {[%emt
00:00:46]} 21. Ncd6 {[%clk 00:00:50]} {[%emt 00:00:48]} Nxa3 {[%clk 00:19:16]}
{[%emt 00:03:00]} 22. Qxa3 {[%clk 00:01:19]} {[%emt 00:00:02]} f5 {[%emt
00:02:21]} 23. Nd2 {[%clk 00:00:45]} {[%emt 00:00:59]} e4 {[%clk 00:17:00]}
{[%emt 00:00:58]} 24. Rfd1 {[%clk 00:00:36]} {[%emt 00:00:40]} Nxc5 {[%clk
00:16:05]} {[%emt 00:01:25]} 25. Qxc5 {[%clk 00:00:50]} {[%emt 00:00:17]} Bxd6
{[%clk 00:16:21]} {[%emt 00:00:14]} 26. Qc2 {[%clk 00:01:11]} {[%emt 00:00:07]}
Ba3 {[%clk 00:15:14]} {[%emt 00:01:38]} 27. Bf1 {[%clk 00:01:01]} {[%emt
00:00:40]} Qa5 {[%clk 00:13:29]} {[%emt 00:02:14]} 28. Nc4 {[%clk 00:00:51]}
{[%emt 00:00:41]} Bxc4 {[%clk 00:13:44]} {[%emt 00:00:15]} 29. Qxc4 {[%clk
00:01:15]} {[%emt 00:00:06]} Bxc1 30. Rxc1 {[%clk 00:01:44]} h6 {[%clk
00:13:30]} {[%emt 00:01:01]} 31. Qe6 {[%clk 00:01:47]} {[%emt 00:00:25]} Qd8
{[%clk 00:10:41]} {[%emt 00:03:21]} 32. Rb1 {[%clk 00:00:53]} {[%emt 00:01:25]}
Rf6 {[%clk 00:09:32]} {[%emt 00:01:38]} 33. Qe5 {[%clk 00:00:38]} {[%emt
00:00:39]} b6 {[%clk 00:09:27]} {[%emt 00:00:43]} 34. Rb4 {[%clk 00:00:34]}
{[%emt 00:00:32]} Qd6 {[%clk 00:08:31]} {[%emt 00:01:27]} 35. Qc3 {[%clk
00:00:32]} {[%emt 00:00:32]} Qe6 {[%clk 00:06:04]} {[%emt 00:02:57]} 36. Qd2
{[%clk 00:00:35]} {[%emt 00:00:26]} Rff8 {[%clk 00:05:25]} {[%emt 00:01:09]} 37.
Rd4 {[%clk 00:00:43]} {[%emt 00:00:23]} Qf6 {[%clk 00:04:53]} {[%emt 00:01:02]}
38. Rb4 {[%clk 00:00:38]} {[%emt 00:00:35]} Rfd8 {[%clk 00:05:02]} {[%emt
00:00:22]} 39. Qc1 {[%clk 00:00:36]} {[%emt 00:00:31]} a3 {[%clk 00:04:42]}
{[%emt 00:00:51]} 40. Qb1 {[%clk 00:00:33]} {[%emt 00:00:32]} Rd6 {[%clk
00:04:48]} {[%emt 00:00:23]} 41. Kg2 {[%clk 00:00:39]} {[%emt 00:00:25]} Rad8
{[%clk 00:04:07]} {[%emt 00:01:11]} 42. Qc1 {[%clk 00:00:40]} {[%emt 00:00:29]}
Ra8 {[%clk 00:03:20]} {[%emt 00:01:17]} 43. Qe1 {[%clk 00:00:35]} {[%emt
00:00:35]} Qe5 {[%clk 00:02:49]} {[%emt 00:01:00]} 44. Rb5 {[%clk 00:00:46]}
{[%emt 00:00:20]} Qe6 {[%clk 00:02:58]} {[%emt 00:00:21]} 45. Qb1 {[%clk
00:00:39]} {[%emt 00:00:36]} Ra5 {[%clk 00:02:56]} {[%emt 00:00:33]} 46. Rb4
{[%clk 00:00:51]} {[%emt 00:00:18]} Rc5 {[%clk 00:02:25]} {[%emt 00:01:02]} 47.
Rb3 {[%clk 00:00:34]} {[%emt 00:00:47]} Ra5 {[%clk 00:01:58]} {[%emt 00:00:56]}
48. Qc1 {[%clk 00:00:33]} {[%emt 00:00:31]} Rc6 {[%clk 00:01:26]} {[%emt
00:01:02]} 49. Qb1 {[%clk 00:00:47]} {[%emt 00:00:16]} Qd6 {[%clk 00:01:41]}
{[%emt 00:00:14]} 50. Bb5 {[%clk 00:00:31]} {[%emt 00:00:47]} Rc5 {[%clk
00:01:47]} {[%emt 00:00:24]} 51. Bf1 {[%clk 00:00:33]} {[%emt 00:00:28]} Qd2
{[%clk 00:01:39]} {[%emt 00:00:38]} 52. Bb5 {[%clk 00:00:31]} {[%emt 00:00:32]}
Rc2 {[%clk 00:01:49]} {[%emt 00:00:19]} 53. Qf1 {[%clk 00:00:34]} {[%emt
00:00:28]} Rb2 {[%clk 00:02:11]} {[%emt 00:00:08]} 54. Bc4 {[%clk 00:00:45]}
{[%emt 00:00:19]} Rc5 {[%clk 00:01:45]} {[%emt 00:00:55]} 55. Be6 {[%clk
00:00:54]} {[%emt 00:00:22]} Rc1 {[%clk 00:01:19]} {[%emt 00:00:56]} 56. Rxb2
{[%clk 00:00:51]} {[%emt 00:00:33]} Qxb2 {[%clk 00:00:44]} {[%emt 00:01:05]} 57.
Qa6 {[%clk 00:01:17]} {[%emt 00:00:05]} Qf6 {[%clk 00:00:32]} {[%emt 00:00:49]}
58. Qa8+ {[%clk 00:01:44]} {[%emt 00:00:03]} Kh7 {[%clk 00:00:59]} {[%emt
00:00:03]} 59. Bg8+ {[%clk 00:00:56]} {[%emt 00:01:17]} Kg6 {[%clk 00:01:29]}
60. Qe8+ {[%clk 00:01:16]} {[%emt 00:00:08]} Kg5 {[%clk 00:01:56]} {[%emt
00:00:04]} 61. h4+ {[%clk 00:01:11]} {[%emt 00:00:36]} Kg4 {[%clk 00:02:24]}
{[%emt 00:00:01]} 62. Bf7 {[%clk 00:01:40]} {[%emt 00:00:02]} g6 {[%clk
00:02:02]} {[%emt 00:00:51]} 63. Bxg6 {[%clk 00:02:07]} {[%emt 00:00:03]} Rg1+
{[%clk 00:02:08]} {[%emt 00:00:24]} 64. Kxg1 {[%clk 00:02:35]} {[%emt
00:00:02]} Kh3 {[%clk 00:02:38]} 65. Qb5 {[%clk 00:00:52]} {[%emt 00:02:14]}
Qxg6 {[%clk 00:02:20]} {[%emt 00:00:47]} 66. Qf1+ {[%clk 00:00:59]} {[%emt
00:00:23]} Kg4 {[%clk 00:02:46]} {[%emt 00:00:04]} 67. Qd1+ {[%clk 00:00:52]}
{[%emt 00:00:36]} Kh3 {[%clk 00:02:59]} {[%emt 00:00:18]} 68. Qf1+ {[%clk
00:00:57]} {[%emt 00:00:25]} Kg4 {[%clk 00:03:27]} {[%emt 00:00:02]} 69. Qe2+
{[%clk 00:00:46]} {[%emt 00:00:41]} Kh3 {[%clk 00:03:49]} {[%emt 00:00:09]} 70.
Qf1+ {[%clk 00:00:41]} {[%emt 00:00:33]} Kg4 {[%emt 00:00:41]} 71. Kg2 {[%emt
00:00:06]}   1/2-1/2